000 00455cam a2200145 4500500
005 20260405001504.0
041 _afre
042 _adc
100 1 0 _aAlante-Lima, Willy
_eauthor
245 0 0 _aEnfin l'épuration attendue
260 _c1997.
500 _a1
786 0 _nPrésence Africaine | 156 | 2 | 1997-06-01 | p. 221-225 | 0032-7638
856 4 1 _uhttps://shs.cairn.info/revue-presence-africaine-1997-2-page-221?lang=fr&redirect-ssocas=7080
999 _c2048215
_d2048215